00814nam a22002417a 45000010005000000030006000050050017000110080041000280200018000690400029000870500016001160820012001321000017001442450053001612500053002142600039002673000059003065050007003655200130003725210029005025210018005316500023005496318FISKH20250421102445.0250421b cb ||||| |||| 00| 0 eng d a9781842700167 aFISKHbengcFISKHdFISKH aPZ7.C5534 W a823.914 aClarke, Gus  aWhat would we do without Missus Mac?cGus Clarke aThis paperback edition first published in 2001.  aLondon : bAndersen Press, c1999. a22 unnumbered pages : bcolor illustrations ; c23 cm  aG  aIn this picture book, from a child's eye-view, the illustrator celebrates the most valuable of grown-ups—the school helper.8 a380 bLexile estimate 8 aG bRaz-Plus  aSchool vEducation